Libro de la patria : coloquios sobre cosas y tierras de España / J. Pin y Soler coloquios sobre cosas y tierras de España / J. Pin y Soler
Descripción Física:
XX, 329 p. ; 22 cm
MARC
| LEADER | 00000nam a2200000Ia 4500 | ||
|---|---|---|---|
| 001 | 785 | ||
| 008 | 160829s1923 xx 000 0 cat d | ||
| 080 | |a H-1-147 | ||
| 100 | |a Pin i Soler, Josep |9 21170 | ||
| 245 | |a Libro de la patria : |b coloquios sobre cosas y tierras de España / J. Pin y Soler | ||
| 260 | |a Barcelona : |b Cervantes, |c 1923 | ||
| 300 | |a XX, 329 p. ; |c 22 cm | ||
| 650 | |a Espanya |x Descripcions i viatges |x S. XX |9 25262 | ||
| 651 | 0 | |a Espanya |x Història |9 55573 | |
| 901 | |a Arxiu | ||
| 942 | |n 1 | ||
| 952 | |0 0 |1 0 |4 0 |6 H1147 |7 1 |9 43527 |a Arxiu |b Arxiu |d 2016-12-01 |l 0 |o H-1-147 |p 785 |r 2016-12-01 00:00:00 |w 2016-12-01 |y ARXIU | ||
| 999 | |c 46073 |d 46073 | ||